[Event "Challenge"]
[Site "http://www.queenalice.com/game.php?id=1866781"]
[Date "2025.12.9"]
[Round "-"]
[White "Carlos19"]
[Black "Mr_SPOCK"]
[Result "1-0"]
[WhiteElo "1574"]
[BlackElo "1771"]

1. e4 e5 2. Nf3 Nf6 3. Bd3 d6 4. Nc3 Bg4 5. h3 Bh5 6. Bc4 Nc6 7. a3 Nd4 8. Nd5
Nxe4 9. d3 Nc5 10. g4 Bg6 11. Nxd4 exd4 12. Nf4 Qe7+ 13. Ne2 h5 14. g5 O-O-O 15.
h4 f6 16. gxf6 gxf6 17. O-O Qe5 18. Nf4 Bh6 19. Nxg6 Qf5 20. Ne7+ Kd7 21. Nxf5
Bf8 22. Nxd4 Be7 23. Qe2 c6 24. b4 Na6 25. Bxa6 Rhg8+ 26. Kh1 Rg4 27. Nf5 bxa6
28. Qxe7+ Kc8 29. Nxd6+ Rxd6 30. Qxd6 Rxh4+ 31. Kg2 Rg4+ 32. Kh3 f5 33. Qxc6+
Kd8 34. Qf6+ Kc7 35. Bf4+ Rxf4 36. Qe5+ Kc6 37. Qxf4 h4 38. Qxf5 a5 39. Qc5+ Kd7
40. bxa5 a6 41. Rg1 Ke6 42. Rg4 Kf6 43. Rxh4 Kg6 44. Rh8 Kg7 45. Ra8 Kf6 46.
Rxa6+ Kf7 47. Qc7+ Ke8 48. Ra8# 1-0

[Event "Challenge"]
[Site "http://www.queenalice.com/game.php?id=1866946"]
[Date "2025.12.12"]
[Round "-"]
[White "TammieM3ENF"]
[Black "Mr_SPOCK"]
[Result "0-1"]
[WhiteElo "1411"]
[BlackElo "1747"]

1. d4 d5 2. e3 Nf6 3. c3 Bg4 4. f3 Bh5 5. g4 Bg6 6. e4 dxe4 7. f4 e6 8. f5 exf5
9. g5 Ng4 10. h3 e3 11. hxg4 f4 12. b4 Bd6 13. c4 Bxb4+ 14. Bd2 exd2+ 15. Nxd2
O-O 16. a3 Re8+ 17. Be2 Qxg5 18. c5 Bc3 19. Ra2 Qxg4 20. Rh2 Qxg1# 0-1

[Event "Challenge"]
[Site "http://www.queenalice.com/game.php?id=1867129"]
[Date "2025.12.17"]
[Round "-"]
[White "Mr_SPOCK"]
[Black "Carlos19"]
[Result "1-0"]
[WhiteElo "1783"]
[BlackElo "1710"]

1. e4 e5 2. Qh5 Qf6 3. Bc4 g6 4. Qg4 Nh6 5. Qh3 g5 6. Nc3 Bc5 7. d4 Bxd4 8. Nf3
Bxc3+ 9. bxc3 Kd8 10. Bxg5 Qxg5 11. Nxg5 Ke7 12. Qh4 Rf8 13. Qxh6 d6 14. Qxh7
Kf6 15. Nxf7 Be6 16. Qh6+ Kxf7 17. Qxe6+ Kg7 18. Qg4+ Kf6 19. h4 Ke7 20. h5 a6
21. h6 Kd8 22. h7 Rh8 23. Qg7 Rxh7 24. Rxh7 1-0